00473nam a2200157 i 450000100060000000300090000600500170001500700030003200800410003510000310007624501030010726000440021030000220025470000190027685200200029538220ES-MaACL20250730063056.0t|030225s1905 xxk ||||1| eng d0 aBurke, Edmund, d1729-179713aAn essay on the sublime and beautiful / cby Edmund Burke ; with and introduction by Henry Morley. aLondon : bCassell and Company, c1905. a192 p. ; c16 cm.1 aMorley, Henry. aES-MaACLjF-909